00492nam a2200193 a 4500001001300000003000900013005001700022008004100039020001000080082001700090100001500107245003100122260003100153300000900184500003500193505002800228650002700256700001500283nice12345678IN_TiNIC20260116011525.0050524s1914 lona grp 000 0 eng  ac10000a297.293bHEA aHeadley, L aWestern Awakening to Islam aLondonbJ.S.Phillipsc1914 a145p aincludes index and biblioraphy2 aacc no 1649 is archives aIslam-Apologetic Works1 aHeadley, L